Vuosikymmenten suosituimmat miesten etunimet 1900-2025 - Statistics

Yleistilastot
  • Tätä visaa on pelattu 260 kertaa
  • Keskiarvotulos 36 / 70
Vastaustilastot
1900 % Oikein
Juha
84%
Matti
83%
Juhani
75%
Juhani
75%
Juhani
75%
Juhani
75%
Juhani
75%
Mikko
72%
Johannes
65%
Johannes
65%
Johannes
65%
Johannes
65%
Johannes
65%
Johannes
65%
Johannes
65%
Pekka
65%
Antti
61%
Jari
61%
Lauri
59%
Eino
58%
Eino
58%
Eino
58%
Matias
58%
Mikael
57%
Mikael
57%
Mikael
57%
Väinö
54%
Tapani
53%
Tapani
53%
Tapani
53%
Leo
52%
Erkki
49%
Olavi
49%
Olavi
49%
Olavi
49%
Olavi
49%
Olavi
49%
Olavi
49%
Olavi
49%
Seppo
48%
Tapio
47%
Tapio
47%
Tapio
47%
Kalevi
46%
Kalevi
46%
Kalevi
46%
Onni
46%
Onni
46%
Elias
45%
Elias
45%
Veikko
45%
Vilho
45%
Oliver
42%
Antero
40%
Antero
40%
Antero
40%
Ilmari
39%
Ilmari
39%
Ilmari
39%
Ilmari
39%
Ilmari
39%
Oskari
39%
Pentti
37%
Toivo
37%
Toivo
37%
Petteri
34%
Emil
21%
Kristian
17%
Armas
14%
Armas
14%
Ehtoja vastaavia visoja ei löytynyt
Tulosjakauma
Jokaisen tuloksen saaneiden osuus
Persentiili vastausten määrän mukaan
Tuloshistoriasi
Et ole pelannut tätä visaa